VOLBA ÚDERU BEKHEND JAKO TENISOVÝ PROBLÉM

Bibliographic Details
Main Author: Charvát, Michal (Author)
Format: Article
Language:Czech

MARC

LEADER 00000nab a2200000uu 4500
001 vtls010903623
003 SK-MaSNL
005 20260303142416.0
008 230222|1995 xo |||||||||||||||||cze|
015 |a SNBRB 
035 |a (urnnbn)urn:nbn:sk:snk:ar-a07rjf 
035 |a (uuid)9820153d-0009-4a6a-b330-f48c34a568e5 
035 |a urn:nbn:sk:snk-ab8um4 
040 |a SNKBUCL  |b slo  |c SNKBUCL  |e AACR2 
041 0 |a cze 
044 |a xo  |c SK 
100 1 |a Charvát, Michal  |4 aut  |9 1162712 
245 1 0 |a VOLBA ÚDERU BEKHEND JAKO TENISOVÝ PROBLÉM  |c Michal Charvát 
773 0 |t Acta Facultatis Educationis Physicae Universitatis Comenianae  |g Roč. 37, č. 37 (1995), s. 219-226 
958 |a OND 
958 |a EUIPO 
958 |a article10 
999 |c 1982607  |d 1984537